000 00572nam a2200217Ia 4500
005 20241129120229.0
008 241129s9999||||xx |||||||||||||| ||und||
020 _a9788119835836
037 _aTB
040 _aSDCL
_beng
_cSDCL
041 _ahin
_2hin
084 _aO152,6N43x, R3
_qSDCL
100 _aTiwari Shivanand
_9729479
245 0 _aSadak se sansad tak
260 _aDelhi
_bRajkamal Prakashan India
_c2023
300 _a230p.
365 _aINR
_b299
650 _aReference
942 _cTB
_hO152,6N43x, R3
999 _c1233916
_d1233916